Результаты шахтных испытаний аппаратуры дистанционного управления выемочной машиной в комплексах с крепями ГКК-4 и КПК; Совершенствование подземной отработки угольных пластов Кузбасса

Détails bibliographiques
Parent link:Совершенствование подземной отработки угольных пластов Кузбасса.— 1971.— С. 180-184
Autres auteurs: Зуев В. С., Шмидт П. Ф., Волкомирский Я. И., Гордичук Н. А.
Langue:russe
Publié: 1971
Format: MixedMaterials Chapitre de livre
KOHA link:https://koha.lib.tpu.ru/cgi-bin/koha/opac-detail.pl?biblionumber=223547

MARC

LEADER 00000naa2a2200000 4500
001 223547
005 20231031200230.0
035 |a (RuTPU)RU\TPU\book\243807 
035 |a RU\TPU\book\243806 
090 |a 223547 
100 |a 20121012d1971 k y0rusy50 ca 
101 0 |a rus 
102 |a RU 
200 1 |a Результаты шахтных испытаний аппаратуры дистанционного управления выемочной машиной в комплексах с крепями ГКК-4 и КПК  |f В. С. Зуев [и др.] 
320 |a Библиогр.: с. 184 (1 назв.) 
463 0 |0 (RuTPU)RU\TPU\book\120134  |t Совершенствование подземной отработки угольных пластов Кузбасса  |f Кузнецкий научно-исследовательский угольный институт (КузНИУИ)  |v С. 180-184  |d 1971  |s Сборник ; № 23 
701 1 |a Зуев  |b В. С. 
701 1 |a Шмидт  |b П. Ф. 
701 1 |a Волкомирский  |b Я. И. 
701 1 |a Гордичук  |b Н. А. 
801 1 |a RU  |b 63413507  |c 20121011 
801 2 |a RU  |b 63413507  |c 20121012  |g RCR 
942 |c BK